000 01579nam2a22003011 4500
001 v19\rc\1777498
005 20250619072551.0
035 _a(NLR Aleph) 004872796
090 _a5108733
_c5108733
100 _a20061204d19041904|||y0rusy50 ca
101 0 _arus
102 _aRU
105 _ay z |||||
200 0 _a8-го очередного собрания... 24 мая 1903 года
210 _d[1904]
_aБ. м.
215 _aXXXV-XXXVII с.
311 _aОтт. из "Записок Киевск. о-ва естествоиспытателей" за 1904 г.
461 0 _1001v19\rc\1777493
_12001#$aПротоколы заседаний Киевского общества естествоиспытателей...$v8-го очередного собрания... 24 мая 1903 года
_95108698
_aКиевское о-во естествоиспытателей
_cКиев
_d1904-1916
_tПротоколы заседаний Киевского общества естествоиспытателей...
_v8-го очередного собрания... 24 мая 1903 года
488 0 _12001#$aЗаписки Киевского общества естествоиспытателей$v1904
_tЗаписки Киевского общества естествоиспытателей
801 0 _aRU
_bNLR
_gpsbo
801 0 _aRU
_bRuMoRGB
_2psbo
801 1 _aRU
_bProSoft-M
_2rusmarc
852 _aNLR
_j38.65.2.35(5)
899 _aRuMoRGB (1873-1915*)
_jB 23/231
899 _aБАН (1873-1915*)
899 _aНБ МГУ (1881-1915*)
942 _cBOOK
980 _aNB